Весь Office 2007: полное руководство; 9 книг в 1

מידע ביבליוגרפי
מחברים אחרים: Колосков П. В., Тихомиров А. Н., Прокди А. К., Клеандрова И. А.
סיכום:С помощью данной книги вы освоите новейший текстовый редактор Word 2007, изучите работу с электронными таблицами и вычисления в Excel 2007, узнаете, как создавать эффектные презентации в PowerPoint 2007, научитесь работать с базами данных в Access 2007, освоите персональный органайзер Outlook 2007, познакомитесь с Publisher 2007 — программой подготовки публикаций (буклетов, отчетов, календарей и т.д. ), а также с программой создания и обработки заметок OneNote 2007, средством организации совместной работы над проектами Groove и редактором форм InfoPath 2007. Книга написана простым и доступным языком, с большим количеством практических примеров и иллюстраций. На прилагаемом к книге DVD размещены видеоуроки, дополнительные материалы и полезные добавочные модули для приложений Office 2007 (например, надстройка, позволяющая удобно вводить химические формулы и уравнения химических реакций, или модуль, добавляющий стандартную строку меню (как это было в Office 2003) во все приложения Office 2007). Данная книга + DVD с видеуроками = лучший выбор для всех, кто хочет научиться эффективно пользоваться программами пакета Office 2007!
Исключено из фонда НТБ ТПУ
שפה:רוסית
יצא לאור: СПб., Наука и техника, 2009
מהדורה:2-е изд.
סדרה:Полное руководство
פורמט: MixedMaterials
KOHA link:https://koha.lib.tpu.ru/cgi-bin/koha/opac-detail.pl?biblionumber=140731

MARC

LEADER 00000nmm0a2200000 4500
001 140731
005 20231031142137.0
010 |a 9785943875595 
035 |a (RuTPU)RU\TPU\book\152472 
090 |a 140731 
100 |a 20080707d2009 m y0rusy50 ca 
101 0 |a rus 
102 |a RU 
105 |a a j 001zy 
200 1 |a Весь Office 2007  |e полное руководство  |e 9 книг в 1  |f П. В. Колосков [и др.] 
205 |a 2-е изд. 
210 |a СПб.  |c Наука и техника  |d 2009 
215 |a 608 с.  |c ил. 
225 1 |a Полное руководство 
320 |a Список использованной литературы: с. 599 
330 |a С помощью данной книги вы освоите новейший текстовый редактор Word 2007, изучите работу с электронными таблицами и вычисления в Excel 2007, узнаете, как создавать эффектные презентации в PowerPoint 2007, научитесь работать с базами данных в Access 2007, освоите персональный органайзер Outlook 2007, познакомитесь с Publisher 2007 — программой подготовки публикаций (буклетов, отчетов, календарей и т.д. ), а также с программой создания и обработки заметок OneNote 2007, средством организации совместной работы над проектами Groove и редактором форм InfoPath 2007. Книга написана простым и доступным языком, с большим количеством практических примеров и иллюстраций. На прилагаемом к книге DVD размещены видеоуроки, дополнительные материалы и полезные добавочные модули для приложений Office 2007 (например, надстройка, позволяющая удобно вводить химические формулы и уравнения химических реакций, или модуль, добавляющий стандартную строку меню (как это было в Office 2003) во все приложения Office 2007). Данная книга + DVD с видеуроками = лучший выбор для всех, кто хочет научиться эффективно пользоваться программами пакета Office 2007! 
333 |a Исключено из фонда НТБ ТПУ 
675 |a 681.3.066(07)  |v 3 
701 1 |a Колосков  |b П. В. 
701 1 |a Тихомиров  |b А. Н. 
701 1 |a Прокди  |b А. К. 
701 1 |a Клеандрова  |b И. А. 
801 1 |a RU  |b 63413507  |c 20080707  |g PSBO 
801 2 |a RU  |b 63413507  |c 20211201  |g PSBO 
942 |c MX 
959 |a 69/20080701  |d 2  |e 269,00  |f ЧЗТЛ:1  |f ЭЧЗ:1